| 000 | 00497nam a22002051a 4500 | ||
|---|---|---|---|
| 001 | 3021 | ||
| 003 | OSt | ||
| 005 | 20260204211835.0 | ||
| 008 | 070424s2001||||mx ||||||b||||||||||spa|| | ||
| 020 | _a9684444885 | ||
| 050 | _a658.3 D471a | ||
| 100 | _aDessler, Gary | ||
| 245 | _aAdministración de personal / Gary Dessler | ||
| 250 | _a8 | ||
| 264 | _aMéxico: Pearson Educación | ||
| 300 | _a700 p | ||
| 500 | _aIncluye indice | ||
| 650 | _aAdministración de PersonalÌ | ||
| 942 |
_2ddc _cBK |
||
| 999 |
_c3021 _d3021 |
||